00331nam a2200121Ia 4500008004100000041001200041082001600053100002200069245005700091260003700148300000900185650001500194221030s9999 xx 000 0 und d aEnglish a105.23bRag aB. S. Raghuwanshi 0aCourse in Workshop Technology Machine Tools Vol. II bDhanpat Rai PubaNew Delhic1998 a1001 aMechanical